| 000 | 00693nam a2200265 a 4500 | ||
|---|---|---|---|
| 003 | AR-BaBNM | ||
| 005 | 20251128204617.0 | ||
| 008 | 082120s2002 ||||||||||||||000 | spa|| | ||
| 040 | _cAR-BaBNM | ||
| 100 | 1 | _aPérez de Serrano, Alicia B. | |
| 245 | 0 | 0 | _aIntroducción al concepto de estratificación social |
| 250 | _a1ª ed. | ||
| 260 |
_aBuenos Aires _bTekné _c1981 |
||
| 300 | _a33 p. | ||
| 504 | _aBibliografía p. 33 | ||
| 650 | 4 | _aSOCIOLOGIA | |
| 650 | 4 | _aESTRATIFICACION SOCIAL | |
| 650 | 4 | _aESTRUCTURA SOCIAL | |
| 650 | 4 | _aCONDICION SOCIAL | |
| 650 | 4 | _aMOVILIDAD SOCIAL | |
| 651 | 4 | _aArgentina | |
| 700 | 1 | _aSerrano, Javier María | |
| 942 | _cBK | ||
| 998 | _cCarmen | ||
| 999 |
_c8106 _d8106 |
||